[Event "Perth AUS Open Minor"]
[Site "?"]
[Date "2023.01.06"]
[Round "7.60"]
[White "Lee, Lucas"]
[Black "Clark, Peter"]
[Result "0-1"]
[WhiteElo "830"]
[BlackElo "1370"]
[PlyCount "42"]
[EventDate "2023.01.??"]
[EventRounds "11"]
[EventCountry "AUS"]
[SourceVersionDate "2023.01.02"]

1. e4 c5 2. Nf3 e6 3. d4 cxd4 4. Nxd4 a6 5. Nc3 Qc7 6. a3 Nf6 7. Be3 d6 8. Be2 b5 9. Bf3 Bb7 10. Qd2 Nbd7 11. Rd1 Nc5 12. Ndxb5 axb5 13. Nxb5 Qb8 14. Bxc5 dxc5 15. g4 h6 16. e5 Bxf3 17. O-O Nd5 18. c4 Bxd1 19. Rxd1 Nb6 20. g5 Qd8 21. Qxd8+ Rxd8 0-1

[Event "Perth AUS Open Minor"]
[Site "?"]
[Date "2023.01.06"]
[Round "7.63"]
[White "Arav, Nathan"]
[Black "Ley, Nick"]
[Result "1-0"]
[WhiteElo "1422"]
[BlackElo "695"]
[PlyCount "70"]
[EventDate "2023.01.??"]
[EventRounds "11"]
[EventCountry "AUS"]
[SourceVersionDate "2023.01.02"]

1. d4 d6 2. c4 Nf6 3. Nc3 c6 4. Nf3 Qa5 5. Bd2 Qc7 6. e3 e5 7. dxe5 dxe5 8. e4 Be7 9. Qc2 Bg4 10. Be2 Na6 11. a3 Nc5 12. b4 Ne6 13. Be3 Bxf3 14. Bxf3 O-O 15. O-O b6 16. Ne2 c5 17. bxc5 Bxc5 18. Bd2 Nd4 19. Nxd4 Bxd4 20. Rac1 a5 21. Qb3 h6 22. Be3 Rfd8 23. Rfd1 Qc5 24. Bxd4 Rxd4 25. Rxd4 Qxd4 26. c5 bxc5 27. Rd1 c4 28. Qb7 Qa7 29. Rd8+ Rxd8 30. Qxa7 Nxe4 31. Qc7 Rd4 32. Qc8+ Kh7 33. Bxe4+ g6 34. Bc2 e4 35. h3 e3 1-0

[Event "Perth AUS Open Minor"]
[Site "?"]
[Date "2023.01.06"]
[Round "7.64"]
[White "Gunasekara, Aritha Chanthula Abe"]
[Black "Knight, Charles"]
[Result "0-1"]
[WhiteElo "1079"]
[BlackElo "1280"]
[PlyCount "58"]
[EventDate "2023.01.??"]
[EventRounds "11"]
[EventCountry "AUS"]
[SourceVersionDate "2023.01.02"]

1. e4 c6 2. d4 d5 3. Nc3 dxe4 4. Nxe4 Nf6 5. Nxf6+ exf6 6. Nf3 Bd6 7. Bd3 O-O 8. O-O Be6 9. c4 Nd7 10. Bd2 Re8 11. h3 Nf8 12. Be3 Qd7 13. Qd2 Bxh3 14. gxh3 Qxh3 15. Qd1 g5 16. Re1 g4 17. Bf1 Qxf3 18. Qxf3 gxf3 19. Bd3 Ng6 20. Kh1 Kh8 21. Bd2 Rg8 22. c5 Bf4 23. Bxf4 Nxf4 24. Re3 Rg5 25. Rxf3 Rh5+ 26. Kg1 Rg8+ 27. Rg3 Rxg3+ 28. fxg3 Nxd3 29. Rf1 Kg7 0-1

[Event "Perth AUS Open Minor"]
[Site "?"]
[Date "2023.01.06"]
[Round "7.66"]
[White "Arav, Callan"]
[Black "Rice, Lana"]
[Result "1-0"]
[WhiteElo "1157"]
[BlackElo "1065"]
[PlyCount "81"]
[EventDate "2023.01.??"]
[EventRounds "11"]
[EventCountry "AUS"]
[SourceVersionDate "2023.01.02"]

1. e4 c5 2. Nf3 d6 3. c3 d5 4. exd5 Qxd5 5. d4 Nf6 6. Be3 e6 7. Nbd2 Be7 8. c4 Qc6 9. Ne5 Qc7 10. Bf4 Bd6 11. Ndf3 O-O 12. dxc5 Qxc5 13. Nd3 Qa5+ 14. Bd2 Qc7 15. c5 Bxc5 16. Rc1 Bxf2+ 17. Nxf2 Qb6 18. Bc3 Nd5 19. Bd4 Qa5+ 20. Qd2 Qxa2 21. Bc4 Qa4 22. b3 Qd7 23. Ne5 Qe7 24. Bxd5 exd5 25. Nfd3 Nd7 26. Rc7 Qh4+ 27. Qf2 Qe4+ 28. Kd2 Nxe5 29. Bxe5 Bh3 30. Qg3 Qxg2+ 31. Qxg2 Bxg2 32. Rg1 g6 33. Rxg2 f6 34. Bf4 g5 35. Bxg5 fxg5 36. Rxg5+ Kh8 37. Rgg7 Rfe8 38. Rxh7+ Kg8 39. Rcg7+ Kf8 40. Nf4 d4 41. Ng6# 1-0

[Event "Perth AUS Open Minor"]
[Site "?"]
[Date "2023.01.06"]
[Round "7.71"]
[White "Gunasekera, Tharanga Abesuriya"]
[Black "Chen, Albert"]
[Result "1/2-1/2"]
[WhiteElo "1079"]
[BlackElo "1157"]
[PlyCount "113"]
[EventDate "2023.01.??"]
[EventRounds "11"]
[EventCountry "AUS"]
[SourceVersionDate "2023.01.02"]

1. d4 d5 2. Bf4 Bf5 3. e3 Nf6 4. Bd3 Bxd3 5. Qxd3 Nc6 6. a3 e6 7. c4 Bd6 8. Bxd6 Qxd6 9. Nc3 O-O 10. Nf3 Rfd8 11. c5 Qe7 12. O-O e5 13. dxe5 Nxe5 14. Nxe5 Qxe5 15. Qd4 Qe7 16. Rad1 c6 17. b4 a5 18. Rd3 axb4 19. axb4 Ne4 20. Rfd1 Nxc3 21. Qxc3 h6 22. h3 Re8 23. Ra1 Rxa1+ 24. Qxa1 Qe4 25. Rd4 Qe6 26. Qa7 Qd7 27. Rd2 Re6 28. Qb8+ Kh7 29. Qf4 Rg6 30. Qf3 Rf6 31. Qg3 Qf5 32. Rd4 h5 33. Rf4 Qb1+ 34. Kh2 Rg6 35. Qf3 f6 36. Qxh5+ Rh6 37. Qf5+ Qxf5 38. Rxf5 Kg6 39. g4 Rh8 40. Rf4 Ra8 41. Kg3 Ra4 42. Rd4 Kg5 43. h4+ Kh6 44. Kf4 g5+ 45. hxg5+ fxg5+ 46. Kf5 Ra2 47. f4 Rf2 48. Ke5 Rf3 49. fxg5+ Kxg5 50. e4 dxe4 51. Rxe4 Rf7 52. Kd6 Rf6+ 53. Kd7 Rf7+ 54. Re7 Rf4 55. Kc8 Rxb4 56. Rxb7 Rc4 57. Rb6 1/2-1/2

[Event "Perth AUS Open Minor"]
[Site "?"]
[Date "2023.01.06"]
[Round "7.74"]
[White "Ashok, Anish"]
[Black "Ashok, Akash"]
[Result "0-1"]
[WhiteElo "545"]
[BlackElo "643"]
[PlyCount "134"]
[EventDate "2023.01.??"]
[EventRounds "11"]
[EventCountry "AUS"]
[SourceVersionDate "2023.01.02"]

1. d4 Nf6 2. Bf4 g6 3. Nf3 Bg7 4. e3 O-O 5. Bd3 d6 6. Nbd2 b6 7. c3 Bb7 8. Qb3 Nc6 9. O-O-O Na5 10. Qc2 Re8 11. Rde1 Nc6 12. Bc4 e5 13. dxe5 dxe5 14. Bg5 Qd6 15. Bxf6 Qxf6 16. e4 Bh6 17. Kb1 Rf8 18. g4 Na5 19. Bd5 Bxd5 20. exd5 Bxd2 21. Nxd2 Qxf2 22. h4 Qg3 23. Ne4 Qf4 24. Nf2 f5 25. g5 e4 26. b4 Nc4 27. Qe2 Nd2+ 28. Kc1 Nf3+ 29. Qe3 Qxe3+ 30. Rxe3 a5 31. b5 Rf7 32. c4 h6 33. gxh6 Rh7 34. h5 Rxh6 35. hxg6 Rxh1+ 36. Nxh1 Kg7 37. Re2 Kxg6 38. Ng3 a4 39. a3 Re8 40. Rg2 Kf6 41. Nh5+ Ke5 42. Rg7 Kd4 43. Rxc7 e3 44. Ng3 f4 45. Ne2+ Ke4 46. Kd1 Nd4 47. Nxd4 Kxd4 48. d6 Rd8 49. Ke2 Rxd6 50. Kf3 Kd3 51. Re7 Kxc4 52. Kxf4 Rd3 53. Rxe3 Rxe3 54. Kxe3 Kb3 55. Kd2 Kxa3 56. Kc1 Kb4 57. Kb1 Kxb5 58. Ka2 Kc4 59. Ka3 b5 60. Ka2 Kc3 61. Ka1 b4 62. Ka2 b3+ 63. Kb1 a3 64. Ka1 b2+ 65. Kb1 a2+ 66. Kxa2 Kc2 67. Ka3 b1=Q 0-1

[Event "Perth AUS Open Minor"]
[Site "?"]
[Date "2023.01.06"]
[Round "7.78"]
[White "Kalloor, Abner"]
[Black "Fisher, Isaac"]
[Result "1-0"]
[WhiteElo "370"]
[BlackElo "421"]
[PlyCount "97"]
[EventDate "2023.01.??"]
[EventRounds "11"]
[EventCountry "AUS"]
[SourceVersionDate "2023.01.02"]

1. e4 e5 2. Nc3 Bc5 3. Nf3 Nc6 4. Bc4 d6 5. d3 Bg4 6. Qd2 Bxf3 7. gxf3 Nf6 8. Qd1 h6 9. Bd2 O-O 10. Qe2 Nd4 11. Qd1 Qd7 12. Be3 Qh3 13. Bxd4 Bxd4 14. Qe2 Qg2 15. O-O-O Bxc3 16. bxc3 c6 17. Bb3 b5 18. c4 bxc4 19. dxc4 Qh3 20. Rxd6 Rfd8 21. Rxd8+ Rxd8 22. c5 Qd7 23. Kb1 a5 24. Ka1 Rb8 25. Rd1 Qa7 26. Qc4 Rb4 27. Qc3 Qa6 28. a3 Rb5 29. Qd3 Qb7 30. Rb1 Nd7 31. a4 Nxc5 32. Qc4 Nxa4 33. Qxa4 Rb4 34. Qxa5 Rb5 35. Qa4 Rb4 36. Bxf7+ Kxf7 37. Rxb4 Qd7 38. Qb3+ Kg6 39. f4 c5 40. Rb6+ Kh5 41. Qf3+ Qg4 42. Qxg4+ Kxg4 43. fxe5 Kf4 44. e6 Kg5 45. e7 g6 46. e8=Q Kh4 47. Rxg6 Kh3 48. Qh8 Kh4 49. Qxh6# 1-0

[Event "Perth AUS Open Minor"]
[Site "?"]
[Date "2023.01.07"]
[Round "8.58"]
[White "Clark, Peter"]
[Black "Chan, Benny"]
[Result "0-1"]
[WhiteElo "1370"]
[BlackElo "1377"]
[PlyCount "114"]
[EventDate "2023.01.??"]
[EventRounds "11"]
[EventCountry "AUS"]
[SourceVersionDate "2023.01.02"]

{[%evp 0,114,19,31,32,13,47,27,8,-50,-56,-70,-76,-80,-55,-63,-66,-76,-73,-87,-87,-80,-81,-110,-105,-93,53,-72,-81,-78,-73,-87,-88,-96,-53,-38,-17,-43,-17,-18,-2,14,13,-41,-38,-40,-40,-57,-37,-54,-36,-37,-36,-53,-36,-57,377,-25,-31,-51,-51,-51,-13,-35,-23,-43,-32,-38,-28,-87,-80,-87,-77,-100,-108,-108,336,-114,-109,-261,-261,-288,-292,-292,-278,-283,-264,-269,-252,-265,-273,-290,-270,-337,-343,-354,-377,-419,-357,-367,-480,-600,-638,-711,-734,-861,-852,-930,-1801,-1381,-1368,-1076,-1076,-1506,-2466,-29985,-29984]} 1. d4 d5 2. Bf4 c5 3. dxc5 Nc6 4. c3 e5 5. Bg3 Bxc5 6. e3 Nf6 7. Nd2 O-O 8. Nb3 Bd6 9. Bh4 Be6 10. Nf3 h6 11. Be2 g5 12. Bg3 Nh5 13. Nfd2 Nxg3 14. hxg3 Kg7 15. Bg4 f5 16. Bh5 f4 17. gxf4 exf4 18. Nd4 Nxd4 19. exd4 Bf5 20. O-O Qd7 21. f3 b5 22. a3 a5 23. Qb3 Qc6 24. Rac1 Rad8 25. Rfe1 Rf6 26. Qd1 Qb6 27. Kh1 Re6 28. Qb3 Be7 29. Qd1 Rxe1+ 30. Qxe1 Qe6 31. Qxe6 Bxe6 32. Re1 Kf6 33. Nb3 Ra8 34. Nc1 b4 35. axb4 axb4 36. Nd3 bxc3 37. bxc3 Rc8 38. Nc5 Bxc5 39. dxc5 Rxc5 40. Be8 Rxc3 41. Rd1 Rc8 42. Bb5 Rd8 43. Bd3 d4 44. Rd2 h5 45. Kh2 Bf5 46. Bb5 g4 47. fxg4 hxg4 48. g3 f3 49. Kg1 Ke5 50. Rd1 d3 51. Kf2 Kd4 52. Rc1 Rc8 53. Rxc8 Bxc8 54. Ba4 Kc3 55. Ke3 Bf5 56. Bd1 d2 57. Ba4 Bc2 0-1

[Event "Perth AUS Open Minor"]
[Site "?"]
[Date "2023.01.07"]
[Round "8.59"]
[White "Ho, Oscar"]
[Black "Knight, Charles"]
[Result "0-1"]
[WhiteElo "1208"]
[BlackElo "1280"]
[PlyCount "82"]
[EventDate "2023.01.??"]
[EventRounds "11"]
[EventCountry "AUS"]
[SourceVersionDate "2023.01.02"]

1. d4 d5 2. c4 c6 3. Nc3 Nf6 4. Nf3 Bg4 5. Qb3 Qb6 6. Qxb6 axb6 7. cxd5 Bxf3 8. exf3 cxd5 9. Nb5 Na6 10. Bf4 Rc8 11. Bd3 Nb4 12. Bf5 e6 13. Nd6+ Bxd6 14. Bxd6 Nc2+ 15. Bxc2 Rxc2 16. Ba3 Kd7 17. O-O Rhc8 18. b3 Rd2 19. Rfd1 Rcc2 20. Rxd2 Rxd2 21. Bf8 Nh5 22. g4 Nf4 23. Bxg7 Ne2+ 24. Kg2 Nxd4 25. Bh6 Rd3 26. Be3 Nc2 27. Rc1 Nxe3+ 28. fxe3 Rxe3 29. Kf2 d4 30. Rd1 e5 31. f4 f6 32. g5 Ke6 33. h4 Rh3 34. Re1 Rxh4 35. fxe5 fxe5 36. Kg3 Rf4 37. Rh1 Kf5 38. Rxh7 Kxg5 39. Rxb7 d3 40. Rxb6 d2 41. Rd6 Rd4 0-1

[Event "Perth AUS Open Minor"]
[Site "?"]
[Date "2023.01.07"]
[Round "8.60"]
[White "Feldblyum, Alexander"]
[Black "Arav, Jayden"]
[Result "1-0"]
[WhiteElo "1117"]
[BlackElo "1230"]
[PlyCount "71"]
[EventDate "2023.01.??"]
[EventRounds "11"]
[EventCountry "AUS"]
[SourceVersionDate "2023.01.02"]

1. e4 c5 2. c3 d5 3. exd5 Qxd5 4. Nf3 Nf6 5. d4 Bg4 6. Be2 e6 7. Be3 cxd4 8. Qxd4 Nc6 9. Qxd5 Nxd5 10. Nd4 Nxe3 11. fxe3 Bxe2 12. Kxe2 Rd8 13. Nxc6 bxc6 14. Nd2 Rb8 15. Nc4 Bc5 16. b3 f6 17. e4 Rb5 18. Rad1 Ke7 19. b4 Bb6 20. Rd6 Rc8 21. Rhd1 Rc7 22. a4 Rg5 23. g3 Rh5 24. h4 Rc8 25. a5 Bc7 26. Rxc6 g6 27. Nd6 Kd7 28. b5 Rf8 29. Nc4+ Kc8 30. b6 axb6 31. axb6 Rf7 32. Nd6+ Kb8 33. Nxf7 Bxg3 34. Rb1 Rxh4 35. Nd6 f5 36. Rd1 1-0

[Event "Perth AUS Open Minor"]
[Site "?"]
[Date "2023.01.07"]
[Round "8.61"]
[White "Arav, Nathan"]
[Black "While, Lyndon"]
[Result "0-1"]
[WhiteElo "1422"]
[BlackElo "1226"]
[PlyCount "132"]
[EventDate "2023.01.??"]
[EventRounds "11"]
[EventCountry "AUS"]
[SourceVersionDate "2023.01.02"]

1. d4 d5 2. c4 e6 3. Nc3 Nf6 4. a3 c5 5. Nf3 Nc6 6. Bg5 dxc4 7. e3 cxd4 8. exd4 Be7 9. Bxc4 h6 10. Be3 O-O 11. O-O b6 12. d5 exd5 13. Nxd5 Nxd5 14. Bxd5 Bb7 15. Qd2 Na5 16. Bxb7 Qxd2 17. Bxd2 Nxb7 18. Bc3 Rad8 19. Rfe1 Rfe8 20. Rad1 Rxd1 21. Rxd1 Rd8 22. Rxd8+ Bxd8 23. Ne5 Bf6 24. Kf1 Bxe5 25. Bxe5 f6 26. Bb8 a6 27. b4 b5 28. Bc7 Kf7 29. Ke2 Ke6 30. Bf4 Kd5 31. Kd3 Nd8 32. Be3 Nc6 33. f4 f5 34. Bc5 g6 35. g3 Nb8 36. Bf8 h5 37. Be7 Nd7 38. Bd8 Nf8 39. Bf6 Ne6 40. Be5 Nd8 41. Bf6 Nf7 42. Be7 Nh6 43. h3 Nf7 44. Bf6 Nd6 45. Be7 Ne4 46. Bh4 Nd6 47. Be7 Nc4 48. Bf8 Nxa3 49. Be7 Nc4 50. Bc5 a5 51. Bf8 a4 52. Bg7 Nd6 53. Bf6 Ne4 54. Bh4 a3 55. Kc2 Kc4 56. Be7 Nxg3 57. h4 Ne2 58. Bd6 Nd4+ 59. Kb1 Kb3 60. Be5 a2+ 61. Kc1 a1=Q+ 62. Kd2 Kxb4 63. Bd6+ Kc4 64. Bb4 Qb2+ 65. Kd1 Qc2+ 66. Ke1 Qe2# 0-1

[Event "Perth AUS Open Minor"]
[Site "?"]
[Date "2023.01.07"]
[Round "8.63"]
[White "Gupta, Aarnav"]
[Black "Arav, Callan"]
[Result "1-0"]
[WhiteElo "1458"]
[BlackElo "1157"]
[PlyCount "120"]
[EventDate "2023.01.??"]
[EventRounds "11"]
[EventCountry "AUS"]
[SourceVersionDate "2023.01.02"]

1. d4 Nf6 2. c4 c5 3. e3 e6 4. Nf3 cxd4 5. Nxd4 Nc6 6. Nxc6 bxc6 7. Nc3 d5 8. cxd5 cxd5 9. Qa4+ Bd7 10. Bb5 a6 11. Bxd7+ Qxd7 12. Qxd7+ Kxd7 13. Bd2 Rb8 14. b3 Bb4 15. Ke2 Rhc8 16. Rac1 Ba3 17. Rcd1 Bb4 18. Rc1 Bxc3 19. Bxc3 Ne4 20. Bb2 f6 21. f3 Nd6 22. Kd3 Nb5 23. Rhd1 Na7 24. e4 Nc6 25. Ke2 Ne7 26. Ba3 Rxc1 27. Bxc1 Rc8 28. Kd3 Ng6 29. exd5 exd5 30. f4 Ne7 31. Ba3 Ng6 32. g3 h5 33. Rd2 f5 34. Kd4 Ke8 35. Re2+ Kf7 36. Kxd5 Rd8+ 37. Kc6 h4 38. Bd6 Rc8+ 39. Kb7 Rc3 40. Rg2 h3 41. Rb2 Ke8 42. Bb4 Rc1 43. a4 Ne7 44. Re2 Rh1 45. Rxe7+ Kd8 46. Re2 Rg1 47. Be7+ Kd7 48. Bc5 Rg2 49. Rf2 Rxf2 50. Bxf2 a5 51. Kb6 Ke6 52. Kxa5 Kd5 53. g4 fxg4 54. b4 Ke4 55. b5 Kf3 56. Bg3 Kg2 57. b6 Kh1 58. b7 Kg2 59. b8=Q Kf1 60. Qe5 Kg1 1-0

[Event "Perth AUS Open Minor"]
[Site "?"]
[Date "2023.01.07"]
[Round "8.64"]
[White "Lee, Lucas"]
[Black "Wu, Kobe"]
[Result "1/2-1/2"]
[WhiteElo "830"]
[BlackElo "1269"]
[PlyCount "125"]
[EventDate "2023.01.??"]
[EventRounds "11"]
[EventCountry "AUS"]
[SourceVersionDate "2023.01.02"]

{[%evp 0,125,19,31,18,18,28,39,29,30,12,-12,30,27,44,7,52,-17,-6,2,19,8,20,46,52,23,45,57,149,149,147,159,152,131,298,253,251,157,233,270,270,182,182,146,346,190,190,155,170,118,253,253,166,158,171,82,183,190,165,177,151,171,159,174,179,182,182,159,173,174,215,177,206,214,248,226,196,162,159,128,120,98,104,108,188,188,188,79,242,260,276,249,277,183,215,144,150,150,149,153,190,206,226,113,245,0,0,0,0,0,0,0,0,0,0,0,0,0,0,0,0,0,0,0,0,0,0,0]} 1. d4 d5 2. Nf3 Bf5 3. Bf4 Nf6 4. e3 e6 5. c4 c6 6. Nc3 Be7 7. Qb3 b6 8. Bxb8 Qxb8 9. Ne5 Qc7 10. cxd5 cxd5 11. Bb5+ Kf8 12. Bc6 Rc8 13. Nb5 Qd8 14. Nxa7 Rb8 15. Bb5 Qc7 16. Nac6 Re8 17. Nxe7 Rxe7 18. Nc6 Rd7 19. Qa3+ Qd6 20. Qa8+ Ne8 21. Qa4 g6 22. Ne5 Rd8 23. Rc1 f6 24. Rc6 Qb8 25. Qb4+ Nd6 26. Nf3 Kg7 27. Nh4 Rhf8 28. Nxf5+ exf5 29. O-O Nxb5 30. Qxb5 Rd6 31. Rfc1 Rxc6 32. Qxc6 Qa8 33. Qxa8 Rxa8 34. a3 b5 35. g3 Kf7 36. Rc5 Rb8 37. b4 Ke6 38. Rc7 h5 39. Rg7 g5 40. Rh7 Ra8 41. Rb7 h4 42. gxh4 gxh4 43. Rxb5 Rc8 44. Rc5 Ra8 45. Rc3 Rg8+ 46. Kh1 h3 47. Rc2 f4 48. b5 Rb8 49. a4 Ra8 50. Ra2 f3 51. b6 Kd6 52. b7 Rb8 53. Rb2 Kc7 54. Kg1 Rxb7 55. Rxb7+ Kxb7 56. Kf1 Ka6 57. Ke1 Ka5 58. Kd2 Kxa4 59. Kd3 f5 60. Kc3 Ka3 61. Kc2 Ka2 62. Kc3 Kb1 63. Kd2 1/2-1/2

[Event "Perth AUS Open Minor"]
[Site "?"]
[Date "2023.01.07"]
[Round "8.66"]
[White "Ley, Nick"]
[Black "Gunasekara, Aritha Chanthula Abe"]
[Result "1/2-1/2"]
[WhiteElo "695"]
[BlackElo "1079"]
[PlyCount "91"]
[EventDate "2023.01.??"]
[EventRounds "11"]
[EventCountry "AUS"]
[SourceVersionDate "2023.01.02"]

1. c4 c6 2. e4 d5 3. exd5 cxd5 4. cxd5 Qxd5 5. Nc3 Qd8 6. d4 Nf6 7. Nf3 Bg4 8. Be2 e6 9. Bf4 Bd6 10. Qd2 a6 11. O-O O-O 12. Rac1 Nc6 13. Rfd1 Qc7 14. Bxd6 Qxd6 15. a3 Rfd8 16. Qe3 Rac8 17. Kf1 Bxf3 18. Bxf3 Qxh2 19. d5 exd5 20. Nxd5 Nxd5 21. Bxd5 Re8 22. Qh3 Qxh3 23. gxh3 g6 24. Bxc6 Rxc6 25. Rxc6 bxc6 26. Rd6 Re6 27. Rd8+ Kg7 28. Rc8 Kf6 29. Kg2 Ke5 30. Rc7 Rf6 31. b4 Kd4 32. Ra7 c5 33. bxc5 Kxc5 34. Rb7 h5 35. h4 Kc6 36. Rb3 Rf4 37. Kg3 Ra4 38. Rf3 f5 39. Rd3 Kb5 40. Rc3 Rc4 41. Rd3 Ka4 42. f3 Rc6 43. Kf4 Rb6 44. Kg5 a5 45. f4 Rc6 46. Re3 1/2-1/2

[Event "Perth AUS Open Minor"]
[Site "?"]
[Date "2023.01.07"]
[Round "8.71"]
[White "Ashok, Akash"]
[Black "Gunasekera, Tharanga Abesuriya"]
[Result "0-1"]
[WhiteElo "643"]
[BlackElo "1079"]
[PlyCount "92"]
[EventDate "2023.01.??"]
[EventRounds "11"]
[EventCountry "AUS"]
[SourceVersionDate "2023.01.02"]

1. e4 c6 2. d4 d5 3. exd5 cxd5 4. Nf3 Bf5 5. Bf4 a6 6. Bd3 Bxd3 7. cxd3 Nf6 8. Qb3 b5 9. O-O e6 10. Nbd2 Bd6 11. Bxd6 Qxd6 12. Ne5 O-O 13. Rac1 Nfd7 14. Nxd7 Nxd7 15. Nf3 Rfc8 16. Rc2 Rc7 17. Rfc1 Rac8 18. Rxc7 Rxc7 19. Rxc7 Qxc7 20. Qc3 Qxc3 21. bxc3 Nb6 22. Nd2 Na4 23. Nb1 Nb2 24. Kf1 Nxd3 25. Kg1 Kf8 26. a3 Ke7 27. Kf1 Kd6 28. Ke2 Nf4+ 29. Kf3 e5 30. Nd2 Nd3 31. Ke3 Nb2 32. f3 Nc4+ 33. Nxc4+ dxc4 34. Ke4 exd4 35. Kxd4 f5 36. f4 g6 37. h3 h6 38. g4 a5 39. a4 bxa4 40. Kxc4 a3 41. Kb3 Kc5 42. Kxa3 Kc4 43. Kb2 a4 44. Ka3 Kxc3 45. Kxa4 Kd4 46. Kb5 Ke4 0-1

[Event "Perth AUS Open Minor"]
[Site "?"]
[Date "2023.01.07"]
[Round "8.72"]
[White "Chen, Albert"]
[Black "Sheth, Adidev"]
[Result "0-1"]
[WhiteElo "1157"]
[BlackElo "569"]
[PlyCount "70"]
[EventDate "2023.01.??"]
[EventRounds "11"]
[EventCountry "AUS"]
[SourceVersionDate "2023.01.02"]

1. d4 Nf6 2. Bf4 g6 3. Nf3 Bg7 4. e3 d6 5. Bb5+ Bd7 6. Bxd7+ Nbxd7 7. Nc3 O-O 8. Qd2 c5 9. O-O-O a5 10. a3 Rb8 11. dxc5 Nxc5 12. h3 b5 13. Na2 Nce4 14. Qe2 Qb6 15. Nd2 b4 16. Nc4 Qb5 17. Rhe1 bxa3 18. b3 Qc5 19. f3 Nc3 20. Nxc3 Rb7 21. Na4 Qb4 22. Qd2 a2 23. Qxb4 a1=Q+ 24. Kd2 Qxd1+ 25. Kxd1 axb4 26. Na5 Rc7 27. e4 Nd7 28. Kc1 Bc3 29. Rd1 Ra7 30. Nc6 Ra6 31. Nxe7+ Kg7 32. Bxd6 Rfa8 33. Nxc3 bxc3 34. Be5+ Nxe5 35. Rd5 Ra1# 0-1

[Event "Perth AUS Open Minor"]
[Site "?"]
[Date "2023.01.07"]
[Round "8.79"]
[White "Fisher, Isaac"]
[Black "Ong, Charis"]
[Result "1/2-1/2"]
[WhiteElo "421"]
[BlackElo "511"]
[PlyCount "79"]
[EventDate "2023.01.??"]
[EventRounds "11"]
[EventCountry "AUS"]
[SourceVersionDate "2023.01.02"]

1. e4 e5 2. Nf3 Nc6 3. Bc4 Bc5 4. d3 Nf6 5. Bg5 O-O 6. Bxf6 Qxf6 7. Nc3 d6 8. Nd5 Qd8 9. h3 a6 10. O-O b5 11. Bb3 Bd7 12. a4 b4 13. Qc1 h6 14. c3 Rb8 15. Qd1 a5 16. d4 exd4 17. cxd4 Bb6 18. e5 dxe5 19. dxe5 Re8 20. Qe2 Nd4 21. Nxd4 Bxd4 22. Rad1 Bxe5 23. Qc2 c6 24. Ne3 Bf4 25. Nf5 Qc8 26. Qc4 Bxf5 27. Qxf4 Be6 28. Bxe6 Qxe6 29. Rd6 g5 30. Qd4 Qe5 31. Qxe5 Rxe5 32. Rxc6 Re6 33. Rc5 Ra6 34. Kh2 Rb7 35. Rc8+ Kg7 36. Kg3 Kf6 37. Kg4 Ke5 38. Rd1 f5+ 39. Kg3 f4+ 40. Kg4 1/2-1/2

[Event "Perth AUS Open Minor"]
[Site "?"]
[Date "2023.01.07"]
[Round "8.80"]
[White "Schiavone, Isaac"]
[Black "Dadras, Datis"]
[Result "1-0"]
[WhiteElo "576"]
[BlackElo "482"]
[PlyCount "115"]
[EventDate "2023.01.??"]
[EventRounds "11"]
[EventCountry "AUS"]
[SourceVersionDate "2023.01.02"]

1. e4 e5 2. Nf3 Nc6 3. Bc4 h6 4. Nc3 Nf6 5. d3 Bc5 6. O-O d6 7. h3 O-O 8. Re1 Re8 9. Na4 Na5 10. Nxc5 Nxc4 11. dxc4 dxc5 12. Qxd8 Rxd8 13. Nxe5 Re8 14. Nd3 Rxe4 15. Rxe4 Nxe4 16. Bf4 c6 17. Re1 Bf5 18. f3 Nf6 19. Nxc5 Bxc2 20. Nxb7 Bf5 21. Nd6 Nh5 22. Nxf5 Nxf4 23. Ne7+ Kh7 24. Nxc6 Nd3 25. Re2 Rc8 26. Rd2 Rxc6 27. Rxd3 Rxc4 28. Rc3 Rd4 29. Ra3 Rd2 30. b3 Rd7 31. Kf2 Kg6 32. b4 Kf6 33. Rb3 Rb7 34. Ke3 Ke6 35. Kd4 Kd6 36. Kc4 Kc6 37. b5+ Kc7 38. Kc5 f6 39. a4 a6 40. Rb4 axb5 41. axb5 f5 42. b6+ Kc8 43. Rf4 Rf7 44. Rb4 Rb7 45. g4 fxg4 46. fxg4 Kb8 47. Rf4 Kc8 48. Kc6 Rd7 49. Rf8+ Rd8 50. Rxd8+ Kxd8 51. b7 Ke7 52. b8=Q Kf6 53. h4 g5 54. h5 Kg7 55. Kd5 Kf6 56. Qh8+ Kf7 57. Qxh6 Ke7 58. Qe6+ 1-0

[Event "Perth AUS Open Minor"]
[Site "?"]
[Date "2023.01.07"]
[Round "9.59"]
[White "Knight, Charles"]
[Black "Feldblyum, Alexander"]
[Result "0-1"]
[WhiteElo "1280"]
[BlackElo "1117"]
[PlyCount "76"]
[EventDate "2023.01.??"]
[EventRounds "11"]
[EventCountry "AUS"]
[SourceVersionDate "2023.01.02"]

1. e4 c6 2. d4 d5 3. f3 dxe4 4. fxe4 e5 5. Nf3 exd4 6. Bc4 Nf6 7. Bg5 h6 8. Bxf6 Qxf6 9. O-O Bc5 10. Bxf7+ Qxf7 11. Ne5 d3+ 12. Kh1 dxc2 13. Qd8+ Kxd8 14. Nxf7+ Ke8 15. Nxh8 cxb1=Q 16. Raxb1 Be6 17. b3 Nd7 18. Ng6 Bf7 19. Nh4 g6 20. Nf3 Ke7 21. b4 Bd6 22. a3 Ne5 23. Nxe5 Bxe5 24. Rbd1 Be6 25. h3 a5 26. bxa5 Rxa5 27. Rf3 c5 28. Kg1 c4 29. Kf1 c3 30. Rc1 Rxa3 31. Ke1 b5 32. Rc2 b4 33. Ke2 Bc4+ 34. Ke1 Ra1+ 35. Kf2 Rf1+ 36. Ke3 Rxf3+ 37. gxf3 g5 38. h4 b3 0-1

[Event "Perth AUS Open Minor"]
[Site "?"]
[Date "2023.01.07"]
[Round "9.60"]
[White "While, Lyndon"]
[Black "Ho, Oscar"]
[Result "0-1"]
[WhiteElo "1226"]
[BlackElo "1208"]
[PlyCount "60"]
[EventDate "2023.01.??"]
[EventRounds "11"]
[EventCountry "AUS"]
[SourceVersionDate "2023.01.02"]

1. d4 d5 2. c4 e6 3. Nc3 Nf6 4. Bg5 Be7 5. e3 O-O 6. Nf3 c6 7. Bd3 Nbd7 8. O-O h6 9. Bh4 Nb6 10. c5 Nbd7 11. b4 Ne8 12. Bxe7 Qxe7 13. Qc2 e5 14. Bf5 e4 15. Bxd7 Bxd7 16. Ne5 Bf5 17. h3 f6 18. Ng4 Nc7 19. Qe2 Ne6 20. b5 Qd7 21. bxc6 bxc6 22. Rfb1 Ng5 23. Nh2 Be6 24. Nf1 f5 25. Ng3 f4 26. exf4 Rxf4 27. Rf1 Bxh3 28. Qe3 Bxg2 29. Qxf4 Nh3+ 30. Kxg2 Nxf4+ 0-1

[Event "Perth AUS Open Minor"]
[Site "?"]
[Date "2023.01.07"]
[Round "9.61"]
[White "Arav, Jayden"]
[Black "Gupta, Aarnav"]
[Result "1-0"]
[WhiteElo "1230"]
[BlackElo "1458"]
[PlyCount "117"]
[EventDate "2023.01.??"]
[EventRounds "11"]
[EventCountry "AUS"]
[SourceVersionDate "2023.01.02"]

1. e4 c6 2. d4 d5 3. exd5 cxd5 4. Bd3 Nf6 5. Nf3 Bg4 6. c3 Nbd7 7. O-O e6 8. h3 Bh5 9. Na3 Bxa3 10. bxa3 Rc8 11. Bb2 Qb6 12. Rb1 Ne4 13. c4 Qc6 14. cxd5 Qxd5 15. Bxe4 Qxe4 16. Re1 Qd5 17. Re3 O-O 18. Qb3 Nb6 19. Ne5 Nc4 20. Nxc4 Qxc4 21. Rg3 Bg6 22. Rc1 Qxb3 23. axb3 Rxc1+ 24. Bxc1 Rc8 25. Bd2 Kf8 26. Bb4+ Ke8 27. Rc3 Rxc3 28. Bxc3 Bd3 29. f4 Kd7 30. Kf2 Kd6 31. g3 Bc2 32. b4 Kd5 33. Ke3 Kc4 34. Bd2 f5 35. g4 b5 36. Bc1 Be4 37. g5 Kc3 38. Ke2 Kc2 39. Be3 g6 40. d5 exd5 41. Bxa7 Kc3 42. Ke3 Bg2 43. h4 Bf1 44. Bd4+ Kb3 45. Bc5 Kxa3 46. Kd4 Bg2 47. Ke5 Kb3 48. Kf6 Kc4 49. Kg7 d4 50. Kxh7 d3 51. Be3 Kxb4 52. Kxg6 Kc3 53. h5 b4 54. h6 b3 55. h7 b2 56. h8=Q+ Kc2 57. Qh2 Kc3 58. Qxg2 b1=Q 59. Qc6+ 1-0

[Event "Perth AUS Open Minor"]
[Site "?"]
[Date "2023.01.07"]
[Round "9.62"]
[White "Gupta, Anoushka"]
[Black "Clark, Peter"]
[Result "1/2-1/2"]
[WhiteElo "1343"]
[BlackElo "1370"]
[PlyCount "77"]
[EventDate "2023.01.??"]
[EventRounds "11"]
[EventCountry "AUS"]
[SourceVersionDate "2023.01.02"]

1. e4 c5 2. Nf3 e6 3. Nc3 a6 4. a4 d6 5. d4 cxd4 6. Nxd4 Nf6 7. Be2 d5 8. exd5 Nxd5 9. Nxd5 Qxd5 10. O-O Be7 11. Bf3 Qd8 12. c3 O-O 13. Be3 Qc7 14. a5 Rd8 15. Qc2 Bc5 16. Qa4 Bxd4 17. Bxd4 Qd7 18. Qxd7 Nxd7 19. Rfd1 Re8 20. Be3 Ne5 21. Be2 Nc6 22. f4 e5 23. Bf3 e4 24. Be2 Be6 25. b4 Rad8 26. Bc5 f5 27. c4 Rxd1+ 28. Rxd1 Rd8 29. Rxd8+ Nxd8 30. b5 Bd7 31. bxa6 bxa6 32. Bb6 Nc6 33. c5 Bc8 34. Bd1 Kf7 35. Ba4 Bd7 36. Kf2 Ke6 37. Ke3 Ke7 38. g4 g6 39. h3 1/2-1/2